Statistics for Modern-Day Countries of the Khmer Empire on a Map

Click here to take the quiz!

General Stats

  • This quiz has been taken 2,486 times
  • The average score is 6 of 6

Answers on the Map

Answers color-coded by a green-red scale on the quiz's map according to % correct below.
Loading ...
 

Answer Stats

Answer% Correct
Cambodia
100%
Vietnam
100%
Laos
99%
Myanmar
99%
Thailand
99%
China
98%

Score Distribution

Percentile by Number Answered

Percent of People with Each Score

Your Score History

You have not taken this quiz